Aplikácia neurónových sietí pri modelovaní agrárnej zamestnanosti na Slovensku

Analýza vývoja zamestnanosti v agrosektore na Slovensku, a to celkovo aj za jednotlivé profesijné skupiny od roku 1992 do roku 2002. Prognózy počtov zamestnancov v poľnohospodárstve do roku 2007 pomocou neurónových sietí.

Salvato in:
Dettagli Bibliografici
Autore principale: Varacová, Zita
Natura: Capitolo di libro
Lingua:slovacco
Soggetti:
Tags: Aggiungi Tag
Nessun Tag, puoi essere il primo ad aggiungerne!!

MARC

LEADER 00000naa$a2200000$$$4500
001 0039868
005 20220715093552.0
041 0 |a slo 
044 |a SK 
245 1 0 |a Aplikácia neurónových sietí pri modelovaní agrárnej zamestnanosti na Slovensku  |c Zita Varacová 
520 |a Analýza vývoja zamestnanosti v agrosektore na Slovensku, a to celkovo aj za jednotlivé profesijné skupiny od roku 1992 do roku 2002. Prognózy počtov zamestnancov v poľnohospodárstve do roku 2007 pomocou neurónových sietí. 
610 2 0 |a zamestnanosť 
610 2 0 |a poľnohospodárstvo 
610 2 0 |a siete neurónové 
610 2 0 |a sektor družstevný 
610 2 0 |a politika zamestnanosti 
610 2 0 |a Slovensko 
100 1 |a Varacová, Zita